|
|
|
|
| LEADER |
01205nta a2200265 i 4500 |
| 001 |
dokt11281 |
| 005 |
20230823153814.0 |
| 008 |
220426s2022 hu om 0|| hun d |
| 024 |
7 |
|
|a 10.14232/phd.11281
|2 doi
|
| 024 |
7 |
|
|a 34108563
|2 mtmt
|
| 040 |
|
|
|a SZTE Doktori Repozitórium
|b hun
|
| 041 |
|
|
|a hun
|
| 100 |
1 |
|
|a Dunai Anett
|
| 245 |
1 |
0 |
|a Multidrog-rezisztens baktériumok kompenzáló evolúciójának rendszerszintű vizsgálata
|h [elektronikus dokumentum] /
|c Dunai Anett
|
| 246 |
1 |
0 |
|a Systematic investigation of the compensatory evolution of multidrug-resistant bacteria
|h [elektronikus dokumentum]
|
| 260 |
|
|
|c 2022-12-08
|
| 502 |
|
|
|a Disszertacio
|
| 650 |
|
4 |
|a biológiai tudományok
|
| 650 |
|
4 |
|a Természettudományok
|
| 650 |
|
4 |
|a Biológiai tudományok
|
| 650 |
|
4 |
|a Biokémia és molekuláris biológia
|
| 700 |
1 |
|
|a Pál Csaba
|e ths
|
| 856 |
4 |
0 |
|u https://doktori.bibl.u-szeged.hu/id/eprint/11281/1/Disszertacio_Dunai_Anett.pdf
|z Dokumentum-elérés
|
| 856 |
4 |
0 |
|u https://doktori.bibl.u-szeged.hu/id/eprint/11281/2/tezisfuzet_magyar_Dunai%20Anett.docx.pdf
|z Dokumentum-elérés
|
| 856 |
4 |
0 |
|u https://doktori.bibl.u-szeged.hu/id/eprint/11281/3/Thesis_booklet_Anett%20Dunai.pdf
|z Dokumentum-elérés
|